000
00249nam a2200097Ia 4500
001
693056
005
20250826161907.0
008
250824s9999 xx 000 0 und d
245
0
_a
ESKİCİ VE OĞULLARI/O.KEMAL/EVEREST
_c
ORHAN KEMAL
260
_b
EVEREST
999
_c
693056
_d
693056